Normal view
MARC view
- Nilbbon, Nils. J
Entry Personal Name
001 - CONTROL NUMBER
- control field: 59667
003 - CONTROL NUMBER IDENTIFIER
- control field: NUST
005 - DATE AND TIME OF LATEST TRANSACTION
- control field: 20210628202400.0
008 - FIXED-LENGTH DATA ELEMENTS
- fixed length control field: 210628|| aca||aabn | a|a d
040 ## - CATALOGING SOURCE
- Original cataloging agency: NUST
- Transcribing agency: NUST
100 ## - HEADING--PERSONAL NAME
- Personal name: Nilbbon, Nils. J
670 ## - SOURCE DATA FOUND
- Source citation: Work cat.: (NUST): Nilbbon, Nils. J., Principles of artificial intelligence with 139 figures, 1980
